[Event "Poznan op 24th"]
[Site "Poznan"]
[Date "2016.08.13"]
[Round "7"]
[White "Opolski, Wojciech"]
[Black "Walaszyk, Zbigniew"]
[Result "1-0"]
[WhiteElo "1534"]
[BlackElo "1329"]
[PlyCount "39"]
[EventDate "2016.08.08"]
[EventType "swiss"]
[EventRounds "9"]
[EventCountry "POL"]
[SourceTitle "CBM 173 Extra"]
[Source "ChessBase"]
[SourceDate "2016.08.29"]
[SourceVersion "1"]
[SourceVersionDate "2016.08.29"]
[SourceQuality "1"]

1. d4 Nf6 2. c4 g6 3. Nc3 Bg7 4. e4 d6 5. Bd3 0-0 6. Nge2 c5 7. d5 Nbd7 8. f4 a6 9. 0-0 e6 10. f5 exf5 11. exf5 Ne5 12. fxg6 fxg6 13. Bg5 Nf7 14. Bh4 g5 15. Bg3 Ng4 16. Qd2 h6 17. h3 Nge5 18. Bc2 Bd7 19. a4 Nxc4 20. Qe1 1-0

[Event "Poznan op 24th"]
[Site "Poznan"]
[Date "2016.08.10"]
[Round "3"]
[White "Rucinski, Jedrzej"]
[Black "Opolski, Wojciech"]
[Result "1-0"]
[WhiteElo "1331"]
[BlackElo "1534"]
[PlyCount "37"]
[EventDate "2016.08.08"]
[EventType "swiss"]
[EventRounds "9"]
[EventCountry "POL"]
[SourceTitle "CBM 173 Extra"]
[Source "ChessBase"]
[SourceDate "2016.08.29"]
[SourceVersion "1"]
[SourceVersionDate "2016.08.29"]
[SourceQuality "1"]

1. d4 d5 2. c4 e6 3. Nf3 c5 4. Nc3 cxd4 5. Nxd4 e5 6. Nf3 d4 7. Nxe5 Nc6 8. Nxc6 bxc6 9. Ne4 Nf6 10. Ng3 Be7 11. e3 c5 12. exd4 cxd4 13. Be2 0-0 14. 0-0 Bb7 15. Nf5 Bc5 16. a3 Qd7 17. Bg4 Nxg4 18. Qxg4 Qe6 19. Qxg7# 1-0

[Event "Poznan op 21st"]
[Site "Poznan"]
[Date "2013.08.13"]
[Round "8"]
[White "Opolski, Wojciech"]
[Black "Magnucka, Arleta"]
[Result "0-1"]
[WhiteElo "1664"]
[BlackElo "1851"]
[PlyCount "85"]
[EventDate "2013.08.07"]
[EventType "swiss"]
[EventRounds "9"]
[EventCountry "POL"]
[SourceTitle "CBM 155 Extra"]
[Source "ChessBase"]
[SourceDate "2013.08.26"]
[SourceVersion "1"]
[SourceVersionDate "2013.08.26"]
[SourceQuality "1"]

1. d4 d6 2. e4 Nf6 3. Bd3 g6 4. Ne2 Bg7 5. f3 0-0 6. 0-0 e5 7. c3 Nc6 8. d5 Ne7 9. Bg5 Kh8 10. Ng3 Nfg8 11. Qd2 h6 12. Be3 f5 13. exf5 gxf5 14. Nh5 Nxd5 15. Nxg7 Nxe3 16. Qxe3 Kxg7 17. Nd2 f4 18. Qf2 Ne7 19. Kh1 Bf5 20. Be2 Ng6 21. Rg1 Qh4 22. g3 fxg3 23. Rxg3 Kh7 24. Rag1 Qf4 25. Nf1 Rg8 26. Ne3 Raf8 27. Nf1 e4 28. Ne3 exf3 29. Bc4 Rg7 30. Nxf5 Rxf5 31. Bd3 Rg5 32. Rxf3 Qe5 33. Re1 Qd5 34. Be4 Qb5 35. h4 Re5 36. Rf6 Qe8 37. Qg2 Kh8 38. Rxg6 Rxg6 39. Bxg6 Rxe1+ 40. Kh2 Qe5+ 41. Qg3 Rh1+ 42. Kg2 Rg1+ 43. Kxg1 0-1

[Event "Poznan op 21st"]
[Site "Poznan"]
[Date "2013.08.11"]
[Round "6"]
[White "Duszczak, Dariusz"]
[Black "Opolski, Wojciech"]
[Result "1-0"]
[WhiteElo "1968"]
[BlackElo "1664"]
[PlyCount "63"]
[EventDate "2013.08.07"]
[EventType "swiss"]
[EventRounds "9"]
[EventCountry "POL"]
[SourceTitle "CBM 155 Extra"]
[Source "ChessBase"]
[SourceDate "2013.08.26"]
[SourceVersion "1"]
[SourceVersionDate "2013.08.26"]
[SourceQuality "1"]

1. e4 e5 2. Nc3 Nf6 3. f4 d6 4. Nf3 exf4 5. d4 Be7 6. Bxf4 0-0 7. Bc4 c6 8. 0-0 Bg4 9. Qd2 Nbd7 10. e5 dxe5 11. Nxe5 Nxe5 12. Bxe5 Qb6 13. Qg5 Be6 14. Bd3 Qd8 15. Ne4 Ne8 16. Qe3 b6 17. c3 f6 18. Bg3 f5 19. Nc5 bxc5 20. Qxe6+ Kh8 21. Rae1 Bd6 22. Rxf5 cxd4 23. Bc4 Nc7 24. Rxf8+ Qxf8 25. Qxd6 Qxd6 26. Bxd6 Ne8 27. Be5 dxc3 28. Bxc3 Nd6 29. Bb3 a5 30. Re7 Ne8 31. Bxa5 Nf6 32. Bc3 1-0

[Event "Hradec Kralove op"]
[Site "Hradec Kralove"]
[Date "2013.05.19"]
[Round "6"]
[White "Jiruse, Josef"]
[Black "Opolski, Wojciech"]
[Result "1-0"]
[WhiteElo "1995"]
[BlackElo "1654"]
[PlyCount "71"]
[EventDate "2013.05.15"]
[EventType "swiss"]
[EventRounds "9"]
[EventCountry "CZE"]
[SourceTitle "CBM 154 Extra"]
[Source "ChessBase"]
[SourceDate "2013.06.25"]
[SourceVersion "2"]
[SourceVersionDate "2013.06.25"]
[SourceQuality "1"]

1. e4 e5 2. f4 d5 3. exd5 c6 4. Nc3 cxd5 5. fxe5 Bc5 6. Nf3 Nc6 7. Bb5 Nge7 8. d4 Bb6 9. Na4 0-0 10. c3 Bg4 11. Nxb6 Qxb6 12. Be2 Ng6 13. Qb3 Qxb3 14. axb3 h6 15. 0-0 f6 16. Bd3 Nge7 17. exf6 Rxf6 18. Bd2 Ng6 19. b4 a6 20. h3 Be6 21. b5 Nce7 22. Nh2 Rxf1+ 23. Nxf1 a5 24. Re1 Bf5 25. Be2 b6 26. Ng3 Bd7 27. Bd3 Rf8 28. b3 Rf6 29. c4 dxc4 30. bxc4 Rd6 31. d5 Kf8 32. Ne4 Bf5 33. Nxd6 Bxd3 34. Be3 a4 35. Bxb6 a3 36. Ra1 1-0

[Event "Poznan op"]
[Site "Poznan"]
[Date "2012.??.??"]
[Round "7"]
[White "Opolski, Wojciech"]
[Black "Choremski, Slawomir"]
[Result "1-0"]
[WhiteElo "1682"]
[BlackElo "1467"]
[PlyCount "76"]
[EventDate "2012.07.14"]
[EventType "swiss"]
[EventRounds "9"]
[EventCountry "POL"]
[SourceTitle "CBM 149 Extra"]
[Source "ChessBase"]
[SourceDate "2012.08.24"]
[SourceVersion "1"]
[SourceVersionDate "2012.08.24"]
[SourceQuality "1"]

1. d4 d5 2. c4 Nf6 3. cxd5 Qxd5 4. Nc3 Qd8 5. e4 e6 6. Nf3 h6 7. Bc4 c6 8. 0-0 Be7 9. e5 Nd5 10. Ne4 Nd7 11. Qe2 0-0 12. a3 c5 13. dxc5 Nxc5 14. b4 Nxe4 15. Qxe4 f5 16. exf6 Bxf6 17. Ne5 Bxe5 18. Qxe5 Rf5 19. Qd4 Qc7 20. g3 b6 21. Bd3 Rf7 22. Qe4 Qc3 23. Be3 Nxe3 24. fxe3 Bb7 25. Qh7+ Kf8 26. Rxf7+ Kxf7 27. Rf1+ Ke7 28. Qg6 Qe5 29. Rf7+ Kd6 30. Rxb7 Qxe3+ 31. Kg2 Rf8 32. Qe4 Qf2+ 33. Kh3 Rc8 34. Bb5 Qf5+ 35. Qxf5 exf5 36. Rxg7 a5 37. bxa5 bxa5 38. Rg6+ Kc5 1-0

[Event "Poznan op"]
[Site "Poznan"]
[Date "2012.??.??"]
[Round "5"]
[White "Opolski, Wojciech"]
[Black "Nowak, Mikolaj"]
[Result "0-1"]
[WhiteElo "1682"]
[BlackElo "1572"]
[PlyCount "78"]
[EventDate "2012.07.14"]
[EventType "swiss"]
[EventRounds "9"]
[EventCountry "POL"]
[SourceTitle "CBM 149 Extra"]
[Source "ChessBase"]
[SourceDate "2012.08.24"]
[SourceVersion "1"]
[SourceVersionDate "2012.08.24"]
[SourceQuality "1"]

1. d4 d5 2. c4 e6 3. Nc3 Nf6 4. Bg5 Be7 5. Nf3 0-0 6. e3 b6 7. Ne5 Bb7 8. f3 Nbd7 9. Bd3 h6 10. Bh4 c5 11. 0-0 Nxe5 12. dxe5 Nd7 13. Bg3 Bh4 14. f4 Bxg3 15. hxg3 a6 16. Qg4 Qc7 17. Rad1 Rad8 18. cxd5 exd5 19. Bf5 Qc6 20. Nxd5 Kh8 21. Be4 Qe6 22. Qf3 Bxd5 23. Bxd5 Qe7 24. g4 Kg8 25. Qe4 Rfe8 26. Bc6 Rf8 27. Rd6 Nf6 28. Qd3 Nxg4 29. g3 h5 30. Rd1 Rb8 31. Bd7 Nh6 32. Qd5 Kh8 33. Qf3 Rfd8 34. Qxh5 Rb7 35. Qh3 b5 36. g4 Rbxd7 37. Rxd7 Rxd7 38. Re1 Qe6 39. Qf3 Qxg4+ 0-1

[Event "Poznan op 21th"]
[Site "Poznan"]
[Date "2011.08.09"]
[Round "4"]
[White "Opolski, Wojciech"]
[Black "Jakubowski, Maciej"]
[Result "1-0"]
[WhiteElo "1713"]
[BlackElo "2343"]
[PlyCount "116"]
[EventDate "2011.08.06"]
[EventType "swiss"]
[EventRounds "9"]
[EventCountry "POL"]
[SourceTitle "CBM 143 Extra"]
[Source "ChessBase"]
[SourceDate "2011.08.29"]
[SourceVersion "1"]
[SourceVersionDate "2011.08.29"]
[SourceQuality "1"]

1. d4 d5 2. c4 c6 3. a4 Nf6 4. Nc3 Bf5 5. Nf3 e6 6. Bg5 Be7 7. e3 h6 8. Bh4 Nbd7 9. Qb3 b6 10. Be2 Ne4 11. Bxe7 Qxe7 12. 0-0 Bg4 13. Rad1 0-0 14. h3 Bh5 15. Qc2 f5 16. Ne5 Nxe5 17. dxe5 Nxc3 18. bxc3 Bxe2 19. Qxe2 Qa3 20. cxd5 Qxc3 21. Rc1 Qxe5 22. dxc6 Rac8 23. f4 Qe4 24. Rc4 Qd5 25. Rd1 Qa5 26. Qd3 b5 27. axb5 Rfd8 28. Rd4 Rxd4 29. exd4 Qc7 30. Qc4 Re8 31. d5 Rd8 32. Kh2 Qd6 33. dxe6 Qxd1 34. e7+ Kh7 35. exd8Q Qxd8 36. Qc5 Qf6 37. Qxa7 Qd6 38. Qf2 g5 39. g3 Kg6 40. Qg2 Qc7 41. fxg5 hxg5 42. Qd2 Qb6 43. Qd6+ Kg7 44. Qe5+ Kh6 45. Qf6+ Kh5 46. Qxf5 Kh6 47. Qf6+ Kh7 48. Qf5+ Kh6 49. h4 g4 50. Qg5+ Kh7 51. Qh5+ Kg7 52. Qxg4+ Kh6 53. Qg5+ Kh7 54. Qf5+ Kh6 55. g4 Kg7 56. g5 Kg8 57. g6 Qc7+ 58. Kh3 Qe7 1-0

[Event "Poznan op 21th"]
[Site "Poznan"]
[Date "2011.08.07"]
[Round "2"]
[White "Opolski, Wojciech"]
[Black "Pawlowski, Rafal"]
[Result "0-1"]
[WhiteElo "1713"]
[BlackElo "1462"]
[PlyCount "70"]
[EventDate "2011.08.06"]
[EventType "swiss"]
[EventRounds "9"]
[EventCountry "POL"]
[SourceTitle "CBM 143 Extra"]
[Source "ChessBase"]
[SourceDate "2011.08.29"]
[SourceVersion "1"]
[SourceVersionDate "2011.08.29"]
[SourceQuality "1"]

1. d4 Nf6 2. c4 g6 3. Nc3 Bg7 4. e4 d6 5. Nf3 0-0 6. Be2 Nbd7 7. 0-0 e5 8. d5 Nc5 9. Qc2 Nh5 10. b4 Na6 11. Rb1 f5 12. Bd3 f4 13. c5 g5 14. Be2 g4 15. Ne1 Qh4 16. Qd3 Rf6 17. g3 Qh3 18. gxf4 Nxf4 19. Qxh3 Nxh3+ 20. Kg2 dxc5 21. Bxa6 cxb4 22. Bxb7 Bxb7 23. Nb5 Ba6 24. Rxb4 c6 25. dxc6 Rxc6 26. Be3 Bf8 27. Rb1 Rb8 28. a4 Rc4 29. Rh1 Rxa4 30. Nc3 Rxb1 31. Nxa4 Bb7 32. f3 h5 33. Bxa7 Ra1 34. Bb8 Rxa4 35. Bxe5 Be7 0-1

[Event "Katy Rybackie op"]
[Site "Katy Rybackie"]
[Date "2009.06.18"]
[Round "6"]
[White "Opolski, Wojciech"]
[Black "Dutkowski, Wieslaw"]
[Result "1/2-1/2"]
[WhiteElo "1727"]
[BlackElo "1641"]
[PlyCount "75"]
[EventDate "2009.06.14"]
[EventType "swiss"]
[EventRounds "9"]
[EventCountry "POL"]
[SourceTitle "CBM 131 Extra"]
[Source "ChessBase"]
[SourceDate "2009.09.03"]
[SourceVersion "2"]
[SourceVersionDate "2009.09.16"]
[SourceQuality "1"]

1. d4 d5 2. c4 e6 3. Nc3 Nf6 4. Nf3 Be7 5. Bg5 0-0 6. e3 c6 7. Bd3 Nbd7 8. 0-0 h6 9. Bh4 Qb6 10. Qc2 Qd8 11. Rad1 Nb6 12. b3 g5 13. Bg3 Nh5 14. Be5 f5 15. g4 Ng7 16. h3 Bf6 17. Kg2 Nd7 18. cxd5 cxd5 19. Bg3 Be7 20. Nb5 f4 21. Bh2 a6 22. Nc7 Rb8 23. Rfe1 Nb6 24. Ne5 Rf6 25. Bh7+ Kh8 26. exf4 Bd6 27. fxg5 hxg5 28. f4 Bxe5 29. dxe5 Rh6 30. Bd3 Nd7 31. f5 Nf8 32. f6 Ne8 33. Nxe8 Qxe8 34. Qc7 Bd7 35. Qd6 Bc6 36. Kg3 Ng6 37. f7 Qf8 38. Qxf8+ 1/2-1/2

[Event "Katy Rybackie op"]
[Site "Katy Rybackie"]
[Date "2009.06.16"]
[Round "4"]
[White "Opolski, Wojciech"]
[Black "Mirski, Jerzy"]
[Result "0-1"]
[WhiteElo "1727"]
[BlackElo "1876"]
[PlyCount "69"]
[EventDate "2009.06.14"]
[EventType "swiss"]
[EventRounds "9"]
[EventCountry "POL"]
[SourceTitle "CBM 131 Extra"]
[Source "ChessBase"]
[SourceDate "2009.09.03"]
[SourceVersion "2"]
[SourceVersionDate "2009.09.16"]
[SourceQuality "1"]

1. d4 d5 2. c4 e6 3. Nc3 Nf6 4. Bg5 c6 5. Nf3 Nbd7 6. e3 Qa5 7. Qb3 Bb4 8. Bxf6 Nxf6 9. Bd3 Ne4 10. Rc1 0-0 11. 0-0 dxc4 12. Bxc4 Nxc3 13. bxc3 Bd6 14. e4 Bf4 15. Rcd1 Qh5 16. h3 g5 17. Ne5 Bxe5 18. dxe5 g4 19. hxg4 Qxg4 20. Qc2 Kh8 21. Be2 Qf4 22. g3 Rg8 23. Qd3 Qxe5 24. Kg2 f5 25. exf5 exf5 26. f4 Qf6 27. Rb1 b5 28. Bf3 Rb8 29. a4 a6 30. Rfe1 Bb7 31. Re5 Rgf8 32. axb5 cxb5 33. Bxb7 Rxb7 34. Rh1 Rc7 35. Rh5 0-1

[Event "Katy Rybackie op"]
[Site "Katy Rybackie"]
[Date "2009.06.15"]
[Round "2"]
[White "Kardasz, Wladyslaw"]
[Black "Opolski, Wojciech"]
[Result "1-0"]
[WhiteElo "1917"]
[BlackElo "1727"]
[PlyCount "83"]
[EventDate "2009.06.14"]
[EventType "swiss"]
[EventRounds "9"]
[EventCountry "POL"]
[SourceTitle "CBM 131 Extra"]
[Source "ChessBase"]
[SourceDate "2009.09.03"]
[SourceVersion "2"]
[SourceVersionDate "2009.09.16"]
[SourceQuality "1"]

1. e4 c6 2. d4 d5 3. exd5 cxd5 4. c4 e6 5. Nc3 Nf6 6. Nf3 Be7 7. Be2 0-0 8. 0-0 Nc6 9. Be3 a6 10. a3 dxc4 11. Bxc4 b5 12. Ba2 Nd5 13. Nxd5 exd5 14. Rc1 Bb7 15. Qd3 Rc8 16. Qf5 Na7 17. Ng5 g6 18. Qg4 Kg7 19. h4 Bd6 20. h5 h6 21. Nxf7 Qf6 22. Qxg6+ Qxg6 23. hxg6 Be7 24. Bxh6+ Kxg6 25. Bxf8 Bxf8 26. Ne5+ Kg7 27. Rxc8 Nxc8 28. Rc1 Bd6 29. Nc6 Nb6 30. Nd8 Ba8 31. Ne6+ Kg8 32. Nc7 Bb7 33. Nxa6 Nc4 34. Nc5 Bc8 35. Bxc4 dxc4 36. a4 Bf4 37. Rc2 Bf5 38. Rc3 Bd2 39. Rf3 Bd3 40. axb5 Ba5 41. Nxd3 cxd3 42. Rxd3 1-0

[Event "Rowy op-A 17th"]
[Site "Rowy"]
[Date "2008.06.20"]
[Round "7.31"]
[White "Zatylny, Jan"]
[Black "Opolski, Wojciech"]
[Result "1-0"]
[WhiteElo "1764"]
[BlackElo "1748"]
[PlyCount "41"]
[EventDate "2008.06.14"]
[EventType "swiss"]
[EventRounds "9"]
[EventCountry "POL"]
[SourceTitle "EXT 2023"]
[Source "ChessBase"]
[SourceDate "2022.10.05"]
[SourceVersion "1"]
[SourceVersionDate "2022.10.05"]
[SourceQuality "1"]

1. d4 d5 2. c4 e6 3. e3 c5 4. dxc5 Bxc5 5. cxd5 exd5 6. Bb5+ Nc6 7. Nc3 Nf6 8. Nf3 Bg4 9. 0-0 0-0 10. Be2 Qd7 11. h3 Be6 12. Ng5 Bf5 13. Na4 Bd6 14. Nf3 Rae8 15. Nd4 Bg6 16. Bb5 a6 17. Nxc6 bxc6 18. Bxa6 c5 19. Be2 Qe6 20. Bf3 Ne4 21. Qe2 1-0

[Event "POL-ch Seniors 18th"]
[Site "Rowy"]
[Date "2007.09.09"]
[Round "1.10"]
[White "Opolski, Wojciech"]
[Black "Turek, Andrzej"]
[Result "0-1"]
[WhiteElo "1795"]
[BlackElo "2045"]
[PlyCount "72"]
[EventDate "2007.09.09"]
[EventType "swiss"]
[EventRounds "9"]
[EventCountry "POL"]
[SourceTitle "EXT 2023"]
[Source "ChessBase"]
[SourceDate "2022.10.05"]
[SourceVersion "1"]
[SourceVersionDate "2022.10.05"]
[SourceQuality "1"]

1. e4 e5 2. Nc3 Nf6 3. Bc4 Bc5 4. Nf3 Nc6 5. 0-0 a6 6. a4 Ba7 7. d3 d6 8. h3 h6 9. Ne2 0-0 10. Ng3 d5 11. Bb3 Be6 12. Qe2 dxe4 13. dxe4 Bxb3 14. cxb3 Nd4 15. Nxd4 exd4 16. Rd1 Re8 17. Qf3 c6 18. Bd2 Qc7 19. Re1 Nd7 20. Bf4 Ne5 21. Bxe5 Qxe5 22. Rad1 Rad8 23. Rd3 g6 24. Qg4 h5 25. Qd1 c5 26. Rf1 h4 27. f4 Qe7 28. f5 hxg3 29. Rxg3 d3 30. fxg6 c4+ 31. Kh1 f6 32. Qh5 Qg7 33. Rxf6 d2 34. Rf1 Rxe4 35. Rf8+ Kxf8 36. Qf5+ Kg8 0-1

[Event "Poznan op-B 16th"]
[Site "Poznan"]
[Date "2007.07.24"]
[Round "4.10"]
[White "Opolski, Wojciech"]
[Black "Markiewicz, Mateusz"]
[Result "0-1"]
[WhiteElo "1795"]
[BlackElo "1973"]
[PlyCount "38"]
[EventDate "2007.07.21"]
[EventType "swiss"]
[EventRounds "9"]
[EventCountry "POL"]
[SourceTitle "EXT 2023"]
[Source "ChessBase"]
[SourceDate "2022.10.05"]
[SourceVersion "1"]
[SourceVersionDate "2022.10.05"]
[SourceQuality "1"]

1. e4 c5 2. c3 Nc6 3. d4 cxd4 4. cxd4 d5 5. e5 Bf5 6. Nf3 e6 7. a3 Qb6 8. Nc3 Bg4 9. Na4 Qa5+ 10. Bd2 Bxf3 11. gxf3 Qd8 12. Be3 Qa5+ 13. Nc3 Nge7 14. b4 Qd8 15. Bg5 Qb6 16. Be3 Nf5 17. Na4 Qd8 18. Bh3 Nxe3 19. fxe3 Qh4+ 0-1

[Event "Poznan op-B 16th"]
[Site "Poznan"]
[Date "2007.07.23"]
[Round "3.22"]
[White "Frackowiak, Andrzej"]
[Black "Opolski, Wojciech"]
[Result "0-1"]
[WhiteElo "1800"]
[BlackElo "1795"]
[PlyCount "73"]
[EventDate "2007.07.21"]
[EventType "swiss"]
[EventRounds "9"]
[EventCountry "POL"]
[SourceTitle "EXT 2023"]
[Source "ChessBase"]
[SourceDate "2022.10.05"]
[SourceVersion "1"]
[SourceVersionDate "2022.10.05"]
[SourceQuality "1"]

1. d4 d5 2. c4 e6 3. Nc3 Nf6 4. Bg5 Be7 5. e3 h6 6. Bf4 a6 7. Nf3 Nc6 8. Bd3 dxc4 9. Bxc4 Nd5 10. Nxd5 exd5 11. Be2 Bb4+ 12. Nd2 Qf6 13. Bxc7 Bf5 14. 0-0 0-0 15. Nf3 Rac8 16. Be5 Nxe5 17. dxe5 Qe7 18. Rc1 Rxc1 19. Qxc1 Rc8 20. Qd1 Be4 21. a3 Ba5 22. b4 Bb6 23. Qa1 Rc2 24. Bd1 Rc8 25. Qb2 Qc7 26. Nd2 Bd3 27. Re1 Rd8 28. Bf3 d4 29. Rc1 Qxe5 30. Bxb7 Qe7 31. Bf3 dxe3 32. fxe3 Qxe3+ 33. Kh1 Bd4 34. Qa2 Bc3 35. Nb3 Bc4 36. Rb1 Rd2 37. h3 0-1

[Event "Poznan op-B 16th"]
[Site "Poznan"]
[Date "2007.07.22"]
[Round "2.17"]
[White "Opolski, Wojciech"]
[Black "Anglart, Edward"]
[Result "0-1"]
[WhiteElo "1795"]
[BlackElo "1905"]
[PlyCount "34"]
[EventDate "2007.07.21"]
[EventType "swiss"]
[EventRounds "9"]
[EventCountry "POL"]
[SourceTitle "EXT 2023"]
[Source "ChessBase"]
[SourceDate "2022.10.05"]
[SourceVersion "1"]
[SourceVersionDate "2022.10.05"]
[SourceQuality "1"]

1. e4 c5 2. c3 g6 3. d4 cxd4 4. cxd4 Bg7 5. f4 d6 6. Nf3 Nf6 7. Nc3 0-0 8. Be2 Nc6 9. d5 Nb8 10. 0-0 Nbd7 11. Kh1 Nc5 12. Qc2 Bg4 13. b4 Nfxe4 14. Nxe4 Nxe4 15. Be3 Bxa1 16. Rxa1 Nf6 17. Qb3 Bh5 0-1

[Event "Poznan op-B 16th"]
[Site "Poznan"]
[Date "2007.07.21"]
[Round "1.7"]
[White "Panek, Tadeusz"]
[Black "Opolski, Wojciech"]
[Result "0-1"]
[WhiteElo "1992"]
[BlackElo "1795"]
[PlyCount "40"]
[EventDate "2007.07.21"]
[EventType "swiss"]
[EventRounds "9"]
[EventCountry "POL"]
[SourceTitle "EXT 2023"]
[Source "ChessBase"]
[SourceDate "2022.10.05"]
[SourceVersion "1"]
[SourceVersionDate "2022.10.05"]
[SourceQuality "1"]

1. d4 d5 2. c4 e6 3. Nf3 c5 4. e3 Nf6 5. Nc3 Nc6 6. Be2 Be7 7. g4 a6 8. g5 Ne4 9. h4 h6 10. gxh6 Rxh6 11. h5 g5 12. Ne5 Nxe5 13. dxe5 f6 14. exf6 Nxf6 15. Bd2 dxc4 16. Bxc4 b5 17. Be2 b4 18. Na4 Bb7 19. Rg1 Ne4 20. b3 Rc8 0-1